| 000 | 00898nam a2200337 a 4500 | ||
|---|---|---|---|
| 003 | AR-BaBNM | ||
| 005 | 20251128203003.0 | ||
| 008 | 082120s2002 ||||||||||||||000 | spa|| | ||
| 040 | _cAR-BaBNM | ||
| 100 | 1 | _aParry, John H. | |
| 245 | 0 | 0 | _aEuropa y la expansión del mundo [1415-1715] |
| 250 | _a2ª ed. | ||
| 260 |
_aMéxico, D.F. _bFondo de Cultura Económica _c1975 |
||
| 300 | _a277 p. | ||
| 490 | 0 |
_aBreviarios _vv. 60 |
|
| 500 | _aContiene índice analítico p. 269-274 | ||
| 650 | 4 | _aHISTORIA MODERNA | |
| 650 | 4 | _aHISTORIA LATINOAMERICANA | |
| 650 | 4 | _aPOLITICA | |
| 650 | 4 | _aECONOMIA | |
| 650 | 4 | _aRELIGION | |
| 650 | 4 | _aESCLAVITUD | |
| 650 | 4 | _aDESARROLLO ECONOMICO Y SOCIAL | |
| 650 | 4 | _aHISTORIA ECONOMICA | |
| 651 | 4 | _aEspaña | |
| 651 | 4 | _aCanadá | |
| 651 | 4 | _aBrasil | |
| 700 | 1 |
_aFernández, María Teresa _etraductor |
|
| 942 | _cBK | ||
| 998 | _cmariana | ||
| 999 |
_c1388 _d1388 |
||